Catholic University of Zimbabwe Library
Online Public Access Catalogue
(OPAC)

The Universal Art of Samuel van Hoogstraten (1627-1678) (Record no. 26967)

MARC details
000 -LEADER
fixed length control field 04186cam a22005414a 4500
001 - CONTROL NUMBER
control field muse76760
003 - CONTROL NUMBER IDENTIFIER
control field MdBmJHUP
005 - DATE AND TIME OF LATEST TRANSACTION
control field 20210127151752.0
006 - FIXED-LENGTH DATA ELEMENTS--ADDITIONAL MATERIAL CHARACTERISTICS
fixed length control field m o d
007 - PHYSICAL DESCRIPTION FIXED FIELD--GENERAL INFORMATION
fixed length control field cr||||||||nn|n
008 - FIXED-LENGTH DATA ELEMENTS--GENERAL INFORMATION
fixed length control field 200724r20202013ne o 00 0 eng d
020 ## - INTERNATIONAL STANDARD BOOK NUMBER
International Standard Book Number 9789048518593
020 ## - INTERNATIONAL STANDARD BOOK NUMBER
International Standard Book Number 9048518598
020 ## - INTERNATIONAL STANDARD BOOK NUMBER
Canceled/invalid ISBN 9789089645234
020 ## - INTERNATIONAL STANDARD BOOK NUMBER
Canceled/invalid ISBN 9089645233
035 ## - SYSTEM CONTROL NUMBER
System control number (OCoLC)1178720784
040 ## - CATALOGING SOURCE
Original cataloging agency MdBmJHUP
Transcribing agency MdBmJHUP
043 ## - GEOGRAPHIC AREA CODE
Geographic area code e-ne---
050 #4 - LIBRARY OF CONGRESS CALL NUMBER
Classification number ND653.H79
Item number U55 2013
082 0# - DEWEY DECIMAL CLASSIFICATION NUMBER
Classification number 700-9492
245 04 - TITLE STATEMENT
Title The Universal Art of Samuel van Hoogstraten (1627-1678)
Remainder of title Painter, Writer, and Courtier /
Statement of responsibility, etc. edited by Thijs Weststeijn.
264 #1 - PRODUCTION, PUBLICATION, DISTRIBUTION, MANUFACTURE, AND COPYRIGHT NOTICE
Name of producer, publisher, distributor, manufacturer Project Muse,
264 #3 - PRODUCTION, PUBLICATION, DISTRIBUTION, MANUFACTURE, AND COPYRIGHT NOTICE
Name of producer, publisher, distributor, manufacturer Project MUSE,
300 ## - PHYSICAL DESCRIPTION
Extent 1 online resource (296 pages) :
Other physical details illustrations (some color), map, portraits.
490 0# - SERIES STATEMENT
Series statement Amsterdam studies in the Dutch golden age
500 ## - GENERAL NOTE
General note Issued as part of book collections on Project MUSE.
504 ## - BIBLIOGRAPHY, ETC. NOTE
Bibliography, etc. note Includes bibliographical references (pages 259-277) and index.
505 0# - FORMATTED CONTENTS NOTE
Formatted contents note Preface: approaches to a multifaceted master -- Prolog: Samuel van Hoogstraten and the golden age of Dutch art, literature, and science: the present book and future research -- Van Hoogstraten's theory of theory of art / Jan Blanc -- Paradoxical passages: the work of framing in the art of Samuel van Hoogstraten / Celeste Brusati -- The young Samuel van Hoogstraten, corrected by Rembrandt / Ben Broos -- "Zwierich van sprong": Samuel van Hoogstraten's Night watch / Paul Taylor -- Samuel van Hoogstraten's personal letter-rack paintings: tributes with a message / Michiel Roscam Abbing -- A pledge of marital domestic bliss: Samuel van Hoogstraten's Perspective box in the National Gallery, London / Herman Colenbrander -- Van Hoogstraten's success in Britain / Fatma Yalcin -- Samuel van Hoogstraten, the first Dutch novelist? / Thijs Weststeijn -- Great respect and complete bafflement: Aronld Houbraken's mixed opinion of Samuel van Hoogstraten / Hendrik J. Horn -- Appendix: Arnold Houbraken's references to Samuel van Hoogstraten and his "Introduction to the Academy of Painting" / edited and translated by Henrik J. Horn.
506 0# - RESTRICTIONS ON ACCESS NOTE
Terms governing access Open Access
Standardized terminology for access restriction Unrestricted online access
Source of term star
520 ## - SUMMARY, ETC.
Summary, etc. Samuel van Hoogstraten was not only one of Rembrandt's most succesful pupils and a versatile painter. His experiments in optical illusion also attracted the interest of the natural scientists of his time. Furthermore, he wrote some of the first Dutch novels, plays, and a treatise on painting. After travelling to Rome, Vienna, and London he introduced European courtiers' manners in the Low Countries. In this book, a collective of specialists with different backgrounds sheds light on the facets of Van Hoogstraten's work that demonstrates in a unique manner how art, literature, and science were interrelated in the Dutch Golden Age. The contributors devote special attention to his theory of art and his literary writings, the role of paintings in his social network, his contacts in Italy and Britain, and finally the art of his master, Rembrandt. Bringing to the fore hitherto unknown works and highlighting new connections between word and image, the book is an important contribution to our understanding of Van Hoogstraten's universal art and its implications for Early Modern cultural history.
588 ## - SOURCE OF DESCRIPTION NOTE
Source of description note Description based on print version record.
600 11 - SUBJECT ADDED ENTRY--PERSONAL NAME
Personal name Hoogstraten, Samuel van,
Dates associated with a name 1627-1678.
650 #0 - SUBJECT ADDED ENTRY--TOPICAL TERM
Topical term or geographic name entry element Painting
Geographic subdivision Netherlands
Chronological subdivision 17th century.
650 #0 - SUBJECT ADDED ENTRY--TOPICAL TERM
Topical term or geographic name entry element Painting, Dutch
Chronological subdivision 17th century.
655 #0 - INDEX TERM--GENRE/FORM
Genre/form data or focus term Electronic books.
655 #7 - INDEX TERM--GENRE/FORM
Genre/form data or focus term Electronic books.
Source of term local
700 1# - ADDED ENTRY--PERSONAL NAME
Personal name Weststeijn, Thijs,
Relator term editor.
710 2# - ADDED ENTRY--CORPORATE NAME
Corporate name or jurisdiction name as entry element Project Muse,
Relator term distributor.
776 18 - ADDITIONAL PHYSICAL FORM ENTRY
Relationship information Print version:
International Standard Book Number 9789089645234
-- 9089645233
710 2# - ADDED ENTRY--CORPORATE NAME
Corporate name or jurisdiction name as entry element Project Muse.
Relator term distributor
830 #0 - SERIES ADDED ENTRY--UNIFORM TITLE
Uniform title Amsterdam studies in the Dutch golden age.
830 #0 - SERIES ADDED ENTRY--UNIFORM TITLE
Uniform title Book collections on Project MUSE.
856 40 - ELECTRONIC LOCATION AND ACCESS
Public note Full text available:
Uniform Resource Identifier <a href="https://muse.jhu.edu/book/66568/">https://muse.jhu.edu/book/66568/</a>
Holdings
Withdrawn status Lost status Source of classification or shelving scheme Damaged status Not for loan Home library Current library Shelving location Date acquired Total Checkouts Full call number Date last seen Uniform Resource Identifier Price effective from Koha item type
          Digital Library Digital Library Online Access 27.01.2021   ND653.H79 U55 2013 27.01.2021 https://muse.jhu.edu/book/66568/ 27.01.2021 eBook

OPENING HOURS

Weekdays: 0815hrs - 1800hrs
Weekends:0900hrs - 1200hrs

Closed for Mass:

Mon, Thur: 1200hrs - 1300hrs
Sunday & Public Holiday’s

CALL SUPPORT

0242-570570, 0242-570169
09200664, +263 8644140602

LOCATION

18443, Cranborne Avenue, Hatfield, Harare

Other Links


©2021 | CUZ Library